El ámbito subjetivo de aplicación de la nueva Ley de contratos de las administraciones públicas (Registro nro. 159466)
[ vista simple ]
| 000 -LEADER | |
|---|---|
| fixed length control field | 01498ny a22003373n 4500 |
| 008 - FIXED-LENGTH DATA ELEMENTS--GENERAL INFORMATION | |
| fixed length control field | 010604s2001 sp | 000|0 spa d |
| 017 ## - | |
| -- | D.L.B.18910-01 |
| 020 ## - INTERNATIONAL STANDARD BOOK NUMBER | |
| International Standard Book Number | 9788495458162 |
| 035 ## - | |
| -- | 627 |
| 040 ## - CATALOGING SOURCE | |
| Original cataloging agency | BUS |
| Modifying agency | vLex |
| 080 ## - | |
| -- | 351.712(460)"2000" |
| 090 ## - | |
| -- | 960 |
| -- | 960 |
| 100 1# - MAIN ENTRY--PERSONAL NAME | |
| Personal name | Noguera de la Muela, Belén |
| 245 13 - TITLE STATEMENT | |
| Title | El ámbito subjetivo de aplicación de la nueva Ley de contratos de las administraciones públicas |
| Medium | [Recurso electrónico] |
| Remainder of title | (Real Decreto Legislativo 2-2000, de 16 de junio, por el que se aprueba su texto refundido) / |
| Statement of responsibility, etc | Belén Noguera de la Muela |
| 256 ## - | |
| -- | Servicio en línea |
| 260 ## - PUBLICATION, DISTRIBUTION, ETC. (IMPRINT) | |
| Place of publication, distribution, etc | Barcelona : |
| Name of publisher, distributor, etc | Atelier, |
| Date of publication, distribution, etc | D.L. 2001 |
| 300 ## - PHYSICAL DESCRIPTION | |
| Extent | 218 p. ; |
| Dimensions | 22 cm |
| 490 1# - SERIES STATEMENT | |
| Series statement | Administrativo |
| 504 ## - BIBLIOGRAPHY, ETC. NOTE | |
| Bibliography, etc | Bibliog. |
| 506 1# - RESTRICTIONS ON ACCESS NOTE | |
| Terms governing access | Contenido solo disponible en los productos indicados |
| Authorized users | vLex Global |
| -- | vLex Global (Academic Edition, excluding Law Schools) |
| -- | vLex Global (U.S. Academic Edition, Law Schools) |
| -- | vLex Global (U.S. Academic Edition, excluding Law Schools) |
| -- | vLex Global (Academic Edition, Law Schools) |
| 650 07 - SUBJECT ADDED ENTRY--TOPICAL TERM | |
| Topical term or geographic name as entry element | Administrativo |
| Source of heading or term | Tesauro vLex |
| 650 07 - SUBJECT ADDED ENTRY--TOPICAL TERM | |
| Topical term or geographic name as entry element | Contrato administrativo |
| Source of heading or term | Tesauro vLex |
| 650 07 - SUBJECT ADDED ENTRY--TOPICAL TERM | |
| Topical term or geographic name as entry element | Actividad administrativa |
| Source of heading or term | Tesauro vLex |
| 650 07 - SUBJECT ADDED ENTRY--TOPICAL TERM | |
| Topical term or geographic name as entry element | Acto administrativo |
| Source of heading or term | Tesauro vLex |
| 650 07 - SUBJECT ADDED ENTRY--TOPICAL TERM | |
| Topical term or geographic name as entry element | Contratos administrativos |
| Source of heading or term | Tesauro vLex |
| 740 0# - | |
| -- | vLex Libros (Servicios en línea) |
| 830 #0 - | |
| -- | Administrativo (Atelier) |
| 856 40 - LOCALIZACIÓN Y ACCESO ELECTRÓNICO | |
| Identificador Uniforme del Recurso (URI/URL) | https://app.vlex.com/#/sources/627 |
| 942 ## - | |
| -- | RAA |
| 999 ## - | |
| -- | 159466 |
| -- | 159466 |
No hay ítems disponibles.